00364 2200157 4500245004400000020002200044250001100066100001700077650001600094005001900110260002400129041001400153084000800167300002200175336000900197 aChicken Soup TumpahcNur NovilinahText a978-602-74653-2-9 aCet. 1 aNur Novilina aNovel Fiksi a20230112084419 aJakartabIkonc2016 aIndonesia a813 a261 hlm. :cilus. atext